<?xml version="1.0" encoding="UTF-8"?>
<collection xmlns:xsi="http://www.w3.org/2001/XMLSchema-instance" xsi:schemaLocation="http://www.loc.gov/MARC21/slim http://www.loc.gov/standards/marcxml/schema/MARC21slim.xsd" xmlns="http://www.loc.gov/MARC21/slim">
 <record>
  <leader>00000camaa22000001a 4500</leader>
  <controlfield tag="001">UP-1685675941123736914</controlfield>
  <controlfield tag="003">Buklod</controlfield>
  <controlfield tag="005">20071009080545.0</controlfield>
  <controlfield tag="006">aa    r    |||1 u|</controlfield>
  <controlfield tag="007">ta</controlfield>
  <controlfield tag="008">060310s2002    xx     er    |001 0|eng d</controlfield>
  <datafield tag="090" ind1=" " ind2=" ">
   <subfield code="a">HC 411</subfield>
   <subfield code="b">A754a 2002</subfield>
  </datafield>
  <datafield tag="130" ind1="1" ind2=" ">
   <subfield code="a">Key indicators (Asian Development Bank)</subfield>
  </datafield>
  <datafield tag="245" ind1="1" ind2="0">
   <subfield code="a">Key indicators</subfield>
   <subfield code="b">population and human resource trends and challenges</subfield>
   <subfield code="c">Asian Development Bank.</subfield>
  </datafield>
  <datafield tag="246" ind1="1" ind2="7">
   <subfield code="a">Key indicators of developing Asian and Pacific countries</subfield>
  </datafield>
  <datafield tag="264" ind1=" " ind2="1">
   <subfield code="a">Manila, Philippines</subfield>
   <subfield code="b">Asian Development Bank</subfield>
   <subfield code="c">c2002.</subfield>
  </datafield>
  <datafield tag="300" ind1=" " ind2=" ">
   <subfield code="a">503 p.</subfield>
   <subfield code="b">ill.</subfield>
  </datafield>
  <datafield tag="310" ind1=" " ind2=" ">
   <subfield code="a">Annual</subfield>
  </datafield>
  <datafield tag="362" ind1="0" ind2=" ">
   <subfield code="a">Vol. 33 (2002)</subfield>
  </datafield>
  <datafield tag="650" ind1=" " ind2="0">
   <subfield code="a">Economic indicators</subfield>
   <subfield code="z">Asia</subfield>
   <subfield code="v">Periodicals.</subfield>
  </datafield>
  <datafield tag="650" ind1=" " ind2="0">
   <subfield code="a">Economic indicators</subfield>
   <subfield code="z">Asia</subfield>
   <subfield code="x">Statistics</subfield>
   <subfield code="v">Periodicals.</subfield>
  </datafield>
  <datafield tag="650" ind1=" " ind2="0">
   <subfield code="a">Economic indicators</subfield>
   <subfield code="z">Pacific Area</subfield>
   <subfield code="v">Periodicals.</subfield>
  </datafield>
  <datafield tag="650" ind1=" " ind2="0">
   <subfield code="a">Economic indicators</subfield>
   <subfield code="z">Pacific Area</subfield>
   <subfield code="x">Statistics</subfield>
   <subfield code="v">Periodicals.</subfield>
  </datafield>
  <datafield tag="710" ind1="2" ind2=" ">
   <subfield code="a">Asian Development Bank.</subfield>
  </datafield>
  <datafield tag="905" ind1=" " ind2=" ">
   <subfield code="a">FO</subfield>
  </datafield>
  <datafield tag="852" ind1="0" ind2=" ">
   <subfield code="a">UPTAC</subfield>
   <subfield code="b">UPTAC</subfield>
   <subfield code="h">HC 411</subfield>
   <subfield code="i">A754A 2002</subfield>
  </datafield>
  <datafield tag="942" ind1=" " ind2=" ">
   <subfield code="a">Book</subfield>
  </datafield>
 </record>
</collection>
